[Event "Meltwater Tour Final 2022"]
[Site "chess24.com INT"]
[Date "2022.11.15"]
[Round "2.2"]
[White "Praggnanandhaa, R"]
[Black "Giri, Anish"]
[Result "1-0"]
[WhiteTitle "GM"]
[BlackTitle "GM"]
[WhiteElo "2678"]
[BlackElo "2764"]
[WhiteFideId "25059530"]
[BlackFideId "24116068"]
[EventDate "2022.11.14"]

1. e4 e5 2. Nf3 Nc6 3. Bc4 Nf6 4. d3 Bc5 5. c3 d6 6. O-O a6 7. Bb3 O-O 8. Nbd2
Re8 9. h3 h6 10. Re1 Be6 11. Bc2 Ba7 12. Nf1 d5 13. exd5 Bxd5 14. Ng3 Qd6 15.
Nh4 Ne7 16. Be3 Bxe3 17. Rxe3 g6 18. Qe2 Nc6 19. Re1 Rad8 20. Nf3 Kg7 21. a3 b5
22. Kh2 Bxf3 23. Rxf3 Nd5 24. Qd2 Qe7 25. Bb3 Qg5 26. Qxg5 hxg5 27. Ne4 Nf4 28.
Nxg5 f6 29. Nf7 Rb8 30. d4 Na5 31. Ba2 exd4 32. Rxe8 Rxe8 33. Rxf4 dxc3 34. bxc3
Re2 35. Bd5 c6 36. Bxc6 Nxc6 37. Nd6 f5 38. c4 b4 39. axb4 Nxb4 40. c5 Nc6 41.
g4 fxg4 42. hxg4 Ne5 43. Kg3 Rc2 44. Ne8+ Kg8 45. Nf6+ Kg7 46. Ne8+ Kg8 47. Ra4
Rc3+ 48. Kf4 Nd3+ 49. Kg5 Nxc5 50. Rb4 Kf7 51. Nd6+ Ke6 52. Nb7 Nd3 53. Rb6+ Ke5
54. Rf6 Rc4 55. Rf8 Nf4 56. Nd8 Nh3+ 57. Kh4 Nf4 58. f3 a5 59. Kg5 a4 60. Nf7+
Ke6 61. Nh8 a3 62. Ra8 Nh3+ 63. Kh4 Nf4 64. Ra6+ Ke7 65. Kg5 Nh3+ 66. Kh6 Rc3
67. Nxg6+ Kd7 68. g5 Kc7 69. f4 Rc6 70. Ra4 a2 71. f5 Rc5 72. Nh4 Rc2 73. g6 Nf2
74. g7 Ng4+ 75. Kg5 1-0

[Event "Meltwater Tour Final 2022"]
[Site "chess24.com INT"]
[Date "2022.11.15"]
[Round "2.2"]
[White "Duda, Jan-Krzysztof"]
[Black "Mamedyarov, Shakhriyar"]
[Result "1-0"]
[WhiteTitle "GM"]
[BlackTitle "GM"]
[WhiteElo "2731"]
[BlackElo "2741"]
[WhiteFideId "1170546"]
[BlackFideId "13401319"]
[EventDate "2022.11.14"]

1. d4 Nf6 2. c4 e6 3. Nf3 d5 4. g3 dxc4 5. Bg2 a6 6. O-O Nc6 7. e3 Bd7 8. Qe2 b5
9. b3 cxb3 10. axb3 Bd6 11. Bb2 O-O 12. Rc1 Nb4 13. Ne5 Rc8 14. Na3 c5 15. dxc5
Rxc5 16. Rxc5 Bxc5 17. Nc2 a5 18. Rd1 Qc7 19. Nxd7 Nxd7 20. Na3 Nf6 21. Nxb5 Qb8
22. Bxf6 gxf6 23. Rd7 Rd8 24. Rb7 Qe5 25. Na3 f5 26. Qh5 Qf6 27. Nc4 Rf8 28. Rd7
Na6 29. Bb7 Nb8 30. Rc7 Bb4 31. e4 Qd8 32. Rc8 Qd7 33. Qg5+ Kh8 34. Qf6+ Kg8 35.
Qg5+ Kh8 36. exf5 Rxc8 37. Bxc8 Qxc8 38. Ne5 Qf8 39. Qf6+ Kg8 40. Ng4 Bd2 41.
fxe6 fxe6 42. Qxe6+ Kg7 43. Qe5+ Kg6 44. Qe6+ Kg7 45. Qe5+ Kg6 46. Qe4+ Qf5 47.
Ne5+ Kf6 48. Ng4+ Kg6 49. Qe8+ Kg5 50. Ne5 Qb1+ 51. Kg2 Qxb3 52. Nf3+ Kf6 53.
Nxd2 Qd5+ 54. Ne4+ Kf5 55. f3 Nd7 56. Qh5+ Ke6 57. Qh6+ Ke5 58. Qg7+ Ke6 59.
Qxh7 Qe5 60. f4 Qb2+ 61. Kh3 Qb5 62. Qg6+ Ke7 63. Qd6+ Kd8 64. Ng5 Qb6 65. Ne6+
Kc8 66. Qe7 Qb5 67. Qd8+ Kb7 68. Qc7+ Ka6 69. Qd6+ Ka7 70. Nd4 Qh5+ 71. Kg2 Nb6
72. Qe5 Qxe5 73. fxe5 a4 74. Kf3 Kb7 75. Nc2 Kc6 76. Ke4 Kd7 77. Kf5 Ke7 78. Na3
Nd5 79. Nc4 Kf7 80. h4 Ne7+ 81. Kg5 Ke6 82. h5 1-0

[Event "Meltwater Tour Final 2022"]
[Site "chess24.com INT"]
[Date "2022.11.15"]
[Round "2.2"]
[White "Carlsen, Magnus"]
[Black "Erigaisi, Arjun"]
[Result "1/2-1/2"]
[WhiteTitle "GM"]
[BlackTitle "GM"]
[WhiteElo "2859"]
[BlackElo "2718"]
[WhiteFideId "1503014"]
[BlackFideId "35009192"]
[EventDate "2022.11.14"]

1. c4 c6 2. d4 d5 3. cxd5 cxd5 4. Bf4 Nc6 5. e3 Nf6 6. Bd3 Bg4 7. Qb3 Qd7 8. h3
Bh5 9. Nd2 e6 10. Ngf3 Bxf3 11. Nxf3 Bb4+ 12. Ke2 Bd6 13. Ne5 Qe7 14. Rhc1 Rc8
15. Rc2 O-O 16. Rac1 Bxe5 17. dxe5 Nh5 18. Bh2 f5 19. Kf1 f4 20. Kg1 fxe3 21.
fxe3 Qg5 22. Be2 Na5 23. Qd3 Rxc2 24. Rxc2 Ng3 25. Bxg3 Qxg3 26. e4 Qf2+ 27. Kh2
Nc6 28. Bg4 Qf4+ 29. Qg3 Qxe4 30. Bxe6+ Kh8 31. Rc1 Nd4 32. Re1 Ne2 33. Bxd5
Qxd5 34. Rxe2 Qe6 35. Qa3 Ra8 36. Qd6 Re8 37. Qxe6 Rxe6 38. Rd2 h5 39. Rd7 Rxe5
40. Rxb7 a6 41. Rb6 Re2 42. Kg3 Kh7 43. a4 g6 44. a5 Kh6 45. b4 Rb2 46. h4 Kg7
47. Kf3 Kh6 48. g3 Rb3+ 49. Kf4 Kg7 50. g4 hxg4 51. Kxg4 Kf7 52. Kf4 Rh3 53. Ke5
Rxh4 54. Rb7+ Ke8 55. b5 Kd8 56. bxa6 Kc8 57. Kd6 Rh5 58. Kc6 g5 59. Kb6 Rh6+
60. Ka7 Rc6 61. Rb8+ Kc7 62. Rg8 Rc1 63. Rxg5 Rc2 64. Rg8 Rc6 65. Rg7+ Kc8 66.
Rb7 Rc1 67. Rb8+ Kc7 68. Rb2 Rc3 69. Rb1 Rc2 70. Rb7+ Kc8 71. Kb6 Rb2+ 72. Kc6
Rc2+ 73. Kd5 Rd2+ 74. Kc4 Rc2+ 75. Kb3 Rc7 76. Rb6 Rh7 77. Rb4 Ra7 78. Rb6 Rh7
79. Ka4 Rh4+ 80. Rb4 Rxb4+ 81. Kxb4 Kb8 82. Kc5 Ka7 83. Kb5 Ka8 84. Kb6 Kb8 85.
a7+ Ka8 86. a6 1/2-1/2

[Event "Meltwater Tour Final 2022"]
[Site "chess24.com INT"]
[Date "2022.11.15"]
[Round "2.2"]
[White "So, Wesley"]
[Black "Le, Quang Liem"]
[Result "0-1"]
[WhiteTitle "GM"]
[BlackTitle "GM"]
[WhiteElo "2760"]
[BlackElo "2728"]
[WhiteFideId "5202213"]
[BlackFideId "12401137"]
[EventDate "2022.11.14"]

1. d4 Nf6 2. c4 e6 3. Nc3 Bb4 4. e3 O-O 5. Bd3 d5 6. cxd5 exd5 7. a3 Bd6 8. Qc2
b6 9. Nge2 c5 10. O-O c4 11. Bf5 Nc6 12. f3 Re8 13. Kh1 Bf8 14. Bxc8 Rxc8 15.
Bd2 a6 16. g4 b5 17. Nf4 Bd6 18. Ng2 b4 19. axb4 Nxb4 20. Qf5 g6 21. Qg5 Rb8 22.
Qh4 Nd3 23. g5 Nh5 24. Nxd5 Rxb2 25. Ba5 Qd7 26. Bc3 Rb5 27. e4 Rxd5 28. exd5
Qb5 29. Qg4 Re2 30. Qc8+ Kg7 31. Qxa6 Qd7 0-1

[Event "Meltwater Tour Final 2022"]
[Site "chess24.com INT"]
[Date "2022.11.15"]
[Round "2.3"]
[White "Le, Quang Liem"]
[Black "So, Wesley"]
[Result "1-0"]
[WhiteTitle "GM"]
[BlackTitle "GM"]
[WhiteElo "2728"]
[BlackElo "2760"]
[WhiteFideId "12401137"]
[BlackFideId "5202213"]
[EventDate "2022.11.14"]

1. d4 Nf6 2. c4 e6 3. Nf3 d5 4. g3 dxc4 5. Bg2 c5 6. O-O Nc6 7. Qa4 Bd7 8. dxc5
Bxc5 9. Qxc4 Be7 10. Nc3 Rc8 11. Rd1 O-O 12. e4 Ng4 13. h3 Nce5 14. Qb3 Nxf3+
15. Bxf3 Ne5 16. Bg2 Qc7 17. Bf4 Bc6 18. Nb5 Qa5 19. a4 Nd7 20. Nd6 Ra8 21. Nxb7
Qb6 22. Qxb6 Nxb6 23. Rdc1 Bxa4 24. Rc7 Bb4 25. Bd6 Bxd6 26. Nxd6 a5 27. e5 Rab8
28. Ra3 Rfd8 29. b3 Be8 30. Rxa5 Nc8 31. Rxc8 Rdxc8 32. Nxc8 Rxc8 33. b4 Kf8 34.
b5 Rb8 35. Bf1 Ke7 36. f4 Kd8 37. Kf2 Kc7 38. Ke3 Kb6 39. Ra6+ Kc5 40. Ra7 h5
41. h4 g6 42. Bd3 Kb6 43. Re7 Kc5 44. Be2 Kb6 45. Kd4 Rc8 46. Bc4 Ra8 47. Be2
Rc8 48. g4 hxg4 49. Bxg4 Kxb5 50. h5 gxh5 51. Bxh5 Rc4+ 52. Ke3 Rc3+ 53. Kd2 Rc8
54. Bxf7 Bxf7 55. Rxf7 Kc6 56. Ke3 Rd8 57. Re7 Kd5 58. Kf3 Rg8 59. Rd7+ Kc5 60.
Rd6 Re8 61. Kg4 Rg8+ 62. Kh5 Rh8+ 63. Kg5 Rg8+ 64. Kf6 Rf8+ 65. Kxe6 Rxf4 66.
Rd5+ Kc6 67. Rd1 Rh4 68. Rc1+ Kb7 69. Kf7 Rf4+ 70. Ke7 Rh4 71. e6 Rh7+ 72. Kf6
Rh6+ 73. Kf7 Rh7+ 74. Kg6 Rh8 75. e7 Rc8 76. Rxc8 Kxc8 77. e8=Q+ Kb7 78. Kf6 Ka7
79. Qb5 Ka8 80. Ke7 Ka7 81. Kd7 Ka8 82. Kc7 Ka7 83. Qa5# 1-0

[Event "Meltwater Tour Final 2022"]
[Site "chess24.com INT"]
[Date "2022.11.15"]
[Round "2.3"]
[White "Mamedyarov, Shakhriyar"]
[Black "Duda, Jan-Krzysztof"]
[Result "1/2-1/2"]
[WhiteTitle "GM"]
[BlackTitle "GM"]
[WhiteElo "2741"]
[BlackElo "2731"]
[WhiteFideId "13401319"]
[BlackFideId "1170546"]
[EventDate "2022.11.14"]

1. c4 c5 2. Nf3 Nc6 3. Nc3 Nf6 4. e3 e6 5. b3 d5 6. cxd5 exd5 7. Bb2 Be7 8. Rc1
O-O 9. Na4 b6 10. d4 Ne4 11. Bb5 Nb4 12. a3 Ba6 13. Bxa6 Nxa6 14. Qd3 Qc8 15.
O-O Qb7 16. Rfd1 Rfd8 17. Nc3 Nc7 18. Ne2 Ne6 19. Ng3 Rac8 20. Qb1 Nxg3 21. hxg3
cxd4 22. Nxd4 Rxc1 23. Qxc1 Nxd4 24. Bxd4 Rc8 25. Qb2 Bf8 26. b4 Qc6 27. Qe2 Qa4
28. Qd3 Qc2 29. Qxc2 Rxc2 30. Be5 f6 31. Bb8 a5 32. bxa5 bxa5 33. Rxd5 Rc8 34.
Ba7 a4 35. Rd3 Rc1+ 36. Kh2 Ra1 37. Rd8 Kf7 38. Bd4 Ra2 39. Ra8 Rxf2 40. Rxa4
Ra2 41. Ra7+ Kg6 42. a4 h5 43. a5 Bd6 44. a6 Kf5 45. Kh3 g5 46. Rf7 Be5 47. a7
Bxd4 48. exd4 Ke6 49. Rh7 Ra1 50. g4 Ra3+ 51. g3 h4 52. Kh2 hxg3+ 53. Kg2 Kd5
54. Rf7 Kxd4 55. Rxf6 Rxa7 56. Rf5 Ke4 57. Kxg3 Ra3+ 58. Kg2 Ra2+ 59. Kg3 Ra3+
60. Kg2 Ra2+ 61. Kg3 Ra3+ 1/2-1/2

[Event "Meltwater Tour Final 2022"]
[Site "chess24.com INT"]
[Date "2022.11.15"]
[Round "2.3"]
[White "Giri, Anish"]
[Black "Praggnanandhaa, R"]
[Result "1-0"]
[WhiteTitle "GM"]
[BlackTitle "GM"]
[WhiteElo "2764"]
[BlackElo "2678"]
[WhiteFideId "24116068"]
[BlackFideId "25059530"]
[EventDate "2022.11.14"]

1. d4 Nf6 2. c4 e6 3. Nc3 Bb4 4. f3 c5 5. a3 Bxc3+ 6. bxc3 Nc6 7. e4 d6 8. Be3
b6 9. Bd3 Na5 10. Ne2 Ba6 11. O-O Nd7 12. f4 Bxc4 13. f5 exf5 14. Ng3 fxe4 15.
Nxe4 O-O 16. Nxd6 Bxd3 17. Qxd3 Nc6 18. Rae1 cxd4 19. cxd4 Nf6 20. Nf5 Ne5 21.
Qd1 Neg4 22. Bg5 Qc7 23. Rf4 Qc3 24. Rxg4 Nxg4 25. Bd2 Nf2 26. Kxf2 Qd3 27. Qg4
g6 28. Ne7+ Kg7 29. Qf4 Rad8 30. d5 f6 31. Kg1 Rf7 32. Bc1 Kh8 33. Bb2 Kg7 34.
h4 Rd7 35. Kh2 Qc2 36. h5 Qc7 37. h6+ Kf8 38. Qxc7 Rxc7 39. d6 Rcxe7 40. dxe7+
Rxe7 41. Rd1 Kf7 42. Rd6 Re6 43. Rd7+ Re7 44. Rxe7+ Kxe7 45. Kg3 b5 46. Bc3 Ke6
47. Kf4 f5 48. Ke3 Kd5 49. Kd3 f4 50. Bf6 a6 51. Kc3 a5 52. Kb3 Kc5 53. Bg5 a4+
54. Kc3 b4+ 55. axb4+ Kb5 56. Bxf4 a3 57. Kb3 a2 58. Be5 1-0

[Event "Meltwater Tour Final 2022"]
[Site "chess24.com INT"]
[Date "2022.11.15"]
[Round "2.4"]
[White "Duda, Jan-Krzysztof"]
[Black "Mamedyarov, Shakhriyar"]
[Result "1/2-1/2"]
[WhiteTitle "GM"]
[BlackTitle "GM"]
[WhiteElo "2731"]
[BlackElo "2741"]
[WhiteFideId "1170546"]
[BlackFideId "13401319"]
[EventDate "2022.11.14"]

1. d4 Nf6 2. Nf3 b6 3. Bg5 Bb7 4. Bxf6 gxf6 5. Nbd2 f5 6. e3 e6 7. Bd3 d5 8. Ne5
Bd6 9. f4 Bxe5 10. fxe5 Nd7 11. Qh5 Qe7 12. O-O-O O-O-O 13. g4 fxg4 14. Qxg4
Rdg8 15. Qh3 f6 16. exf6 Nxf6 17. Rhg1 h5 18. Qh4 Kd8 19. Nf3 Ng4 20. Qxe7+ Kxe7
21. Kd2 Bc6 22. Rdf1 Be8 23. h3 Nf6 24. Ne5 c5 25. b3 h4 26. Bg6 Ne4+ 27. Bxe4
dxe4 28. dxc5 bxc5 29. Rxg8 Rxg8 30. Rf4 Rg2+ 31. Kc1 Rg3 32. Rxh4 Rxe3 33. Kd2
Rg3 34. Rxe4 Rxh3 35. Nd3 Rh2+ 36. Re2 Rh5 37. Nf4 Rh6 38. Rxe6+ Rxe6 39. Nxe6
Kxe6 40. c4 Ke5 41. Kc3 a5 42. a3 Bf7 43. b4 axb4+ 44. axb4 cxb4+ 45. Kxb4 Bxc4 1/2-1/2

[Event "Meltwater Tour Final 2022"]
[Site "chess24.com INT"]
[Date "2022.11.15"]
[Round "2.4"]
[White "Praggnanandhaa, R"]
[Black "Giri, Anish"]
[Result "0-1"]
[WhiteTitle "GM"]
[BlackTitle "GM"]
[WhiteElo "2678"]
[BlackElo "2764"]
[WhiteFideId "25059530"]
[BlackFideId "24116068"]
[EventDate "2022.11.14"]

1. e4 c6 2. Nf3 d5 3. Nc3 Bg4 4. h3 Bxf3 5. Qxf3 e6 6. Be2 Bc5 7. O-O Ne7 8. Na4
Bd6 9. d4 dxe4 10. Qxe4 Qa5 11. b3 Nd7 12. c4 O-O 13. Rd1 b5 14. Bd2 Bb4 15.
Bxb4 Qxb4 16. cxb5 Nf6 17. Qd3 Rad8 18. Rac1 cxb5 19. Qxb5 Qxb5 20. Bxb5 Nf5 21.
Nc5 Rxd4 22. Nd7 Nxd7 23. Bxd7 Rxd1+ 24. Rxd1 g5 25. Bb5 Rc8 26. b4 Kg7 27. a4
Rc3 28. Rd7 Rb3 29. Rxa7 Rxb4 30. Bd7 Rb1+ 31. Kh2 Kf6 32. a5 Rf1 33. g4 Nh4 34.
Be8 Rxf2+ 35. Kg1 Ra2 36. Rxf7+ Ke5 37. Bc6 Rxa5 38. Rxh7 Kf4 39. Rb7 Ra1+ 40.
Kh2 Ra2+ 41. Kg1 Ng6 42. Rb3 Ne5 43. Bg2 Rd2 44. Rc3 Nd3 45. Bb7 e5 46. Ba6 e4
47. Kf1 Kf3 48. Kg1 Kg3 49. Kf1 Rf2+ 50. Kg1 Rf3 51. Rc2 Nf4 52. Bf1 Nxh3+ 53.
Bxh3 Kxh3 54. Rc4 Rf4 55. Rc5 Kxg4 56. Re5 Kh4 57. Kg2 Kg4 58. Kg1 Kh5 59. Kg2
Kg6 60. Kg3 Kf6 61. Re8 Kf5 62. Rf8+ Ke5 63. Ra8 Rf3+ 64. Kg4 Rd3 65. Kxg5 Rg3+
66. Kh4 Rg7 67. Kh3 Kf4 68. Kh2 Kf3 69. Rf8+ Ke2 70. Ra8 e3 71. Ra2+ Kf3 0-1

[Event "Meltwater Tour Final 2022"]
[Site "chess24.com INT"]
[Date "2022.11.15"]
[Round "2.5"]
[White "Praggnanandhaa, R"]
[Black "Giri, Anish"]
[Result "0-1"]
[WhiteTitle "GM"]
[BlackTitle "GM"]
[WhiteElo "2678"]
[BlackElo "2764"]
[WhiteFideId "25059530"]
[BlackFideId "24116068"]
[EventDate "2022.11.14"]

1. d4 Nf6 2. Bf4 g6 3. Nc3 d5 4. e3 Bg7 5. h4 h5 6. Nf3 O-O 7. Qd2 c5 8. Ne5 Nc6
9. O-O-O cxd4 10. exd4 Bf5 11. Bb5 Nb4 12. Ba4 b5 13. Bxb5 Qa5 14. a3 Rfc8 15.
axb4 Qa1+ 16. Nb1 Ne4 17. Qe2 a5 18. Nc6 axb4 19. Nxe7+ Kh7 20. Nxf5 Ra2 21. Rd3
Qxb2+ 22. Kd1 Qxb1+ 23. Bc1 Raxc2 24. Qe3 Nxf2+ 25. Ke1 Re8 26. Bxe8 Nxd3+ 27.
Qxd3 Rxc1+ 28. Kd2 Qxd3+ 29. Kxd3 Rxh1 0-1

[Event "Meltwater Tour Final 2022"]
[Site "chess24.com INT"]
[Date "2022.11.15"]
[Round "2.6"]
[White "Giri, Anish"]
[Black "Praggnanandhaa, R"]
[Result "1/2-1/2"]
[WhiteTitle "GM"]
[BlackTitle "GM"]
[WhiteElo "2764"]
[BlackElo "2678"]
[WhiteFideId "24116068"]
[BlackFideId "25059530"]
[EventDate "2022.11.14"]

1. d4 Nf6 2. c4 e6 3. Nf3 Bb4+ 4. Bd2 Qe7 5. g3 Nc6 6. Nc3 O-O 7. Bg2 d6 8. O-O
Bxc3 9. Bxc3 e5 10. dxe5 dxe5 11. Qc2 Bg4 12. Rad1 Qe6 13. Ng5 Qxc4 14. Bd5 Qc5
15. Ne4 Qe7 16. Bxc6 bxc6 17. Nxf6+ Qxf6 18. f4 Qg6 19. Qxg6 hxg6 20. Kf2 exf4
21. gxf4 Rfe8 22. Rfe1 f6 23. Rd4 Be6 24. Ra4 Kf7 25. h4 Rh8 26. Kg3 a6 27. Rd1
Rh5 28. e4 Rah8 29. Rh1 g5 30. fxg5 fxg5 31. Rf1+ Kg6 32. hxg5 Rxg5+ 33. Kf2
Rh2+ 34. Ke3 Kh7 35. Rf2 Rg3+ 36. Rf3 Rxf3+ 37. Kxf3 Bc8 38. Ra5 Kh6 39. Rc5 Bd7
40. Ra5 g5 41. Rxa6 Kh5 42. Ra8 Rh3+ 43. Kf2 Kg4 44. Rg8 Be6 45. Rg7 Rf3+ 46.
Ke2 Bxa2 47. Rxc7 Bc4+ 48. Kd2 Rd3+ 49. Kc2 Rd6 50. Rg7 Bd3+ 51. Kb3 Bxe4 52.
Kc4 Rd5 53. Bf6 Rf5 54. Rxg5+ Rxg5 55. Bxg5 Kxg5 56. Kc5 Kf4 57. b4 Bd3 58. Kxc6
Ke5 59. b5 Bxb5+ 1/2-1/2

[Event "Meltwater Tour Final 2022"]
[Site "chess24.com INT"]
[Date "2022.11.16"]
[Round "3.1"]
[White "Praggnanandhaa, R"]
[Black "Le, Quang Liem"]
[Result "1-0"]
[WhiteTitle "GM"]
[BlackTitle "GM"]
[WhiteElo "2678"]
[BlackElo "2728"]
[WhiteFideId "25059530"]
[BlackFideId "12401137"]
[EventDate "2022.11.14"]

1. d4 Nf6 2. c4 e6 3. Nc3 Bb4 4. e3 O-O 5. Nf3 c5 6. Bd3 d5 7. cxd5 exd5 8. dxc5
Nbd7 9. O-O Nxc5 10. Ne2 Nxd3 11. Qxd3 Be6 12. b3 Qe7 13. Bb2 Ba3 14. Bxa3 Qxa3
15. h3 Rac8 16. Nf4 Qa5 17. Ng5 Rc6 18. Rac1 Rfc8 19. Rxc6 Rxc6 20. Nh5 Ne4 21.
Qd4 Qc3 22. Nxe6 fxe6 23. Qxa7 Nd2 24. Rd1 Qc1 25. Qb8+ Kf7 26. Qxb7+ Ke8 27.
Nxg7+ Kf8 28. Nxe6+ Ke8 29. Ng7+ Kd8 30. Qa8+ Kd7 31. Qe8+ Kc7 32. Qh5 Qb2 33.
Qe2 Rc1 34. Kh2 Rxd1 35. Qxd1 Qxa2 36. Ne6+ Kd6 37. Nf4 d4 38. exd4 Nxb3 39. Qd3
Qxf2 40. Qxb3 Qxf4+ 41. Qg3 1-0

[Event "Meltwater Tour Final 2022"]
[Site "chess24.com INT"]
[Date "2022.11.16"]
[Round "3.1"]
[White "Duda, Jan-Krzysztof"]
[Black "Giri, Anish"]
[Result "1-0"]
[WhiteTitle "GM"]
[BlackTitle "GM"]
[WhiteElo "2731"]
[BlackElo "2764"]
[WhiteFideId "1170546"]
[BlackFideId "24116068"]
[EventDate "2022.11.14"]

1. d4 Nf6 2. c4 e6 3. Nf3 d5 4. Nc3 Bb4 5. cxd5 exd5 6. Bg5 h6 7. Bh4 O-O 8. e3
Bf5 9. Be2 Nbd7 10. Qb3 Qe7 11. O-O c6 12. a3 Bxc3 13. bxc3 b5 14. a4 a6 15. Ra3
g5 16. Bg3 Ne4 17. axb5 axb5 18. Rfa1 Rxa3 19. Qxa3 Qxa3 20. Rxa3 Rc8 21. Ne1
Nb6 22. f3 Nd2 23. Nd3 Na4 24. Nb4 Nb1 25. Ra1 Nbxc3 26. Bf1 c5 27. dxc5 Nxc5
28. Be5 N5a4 29. Bxb5 Nxb5 30. Rxa4 Be6 31. Ra5 Nc3 32. Kf2 g4 33. Nd3 gxf3 34.
gxf3 Nb1 35. Ra1 Bf5 36. Nf4 Rc2+ 37. Kg3 Nd2 38. Nxd5 Kh7 39. Ne7 f6 40. Bxf6
Be4 41. Kf4 1-0

[Event "Meltwater Tour Final 2022"]
[Site "chess24.com INT"]
[Date "2022.11.16"]
[Round "3.1"]
[White "So, Wesley"]
[Black "Erigaisi, Arjun"]
[Result "1/2-1/2"]
[WhiteTitle "GM"]
[BlackTitle "GM"]
[WhiteElo "2760"]
[BlackElo "2718"]
[WhiteFideId "5202213"]
[BlackFideId "35009192"]
[EventDate "2022.11.14"]

1. e4 c5 2. Nf3 d6 3. Bb5+ Nd7 4. a4 Nf6 5. Nc3 g6 6. a5 Bg7 7. O-O a6 8. Be2
O-O 9. d3 b5 10. axb6 Bb7 11. Nd2 Nxb6 12. Nb3 Ra7 13. Be3 e5 14. Qd2 Bc8 15.
Na5 Qc7 16. Nc4 Nxc4 17. dxc4 Qc6 18. f3 Rd7 19. Ra3 Kh8 20. Rfa1 Nh5 21. Nd5 f5
22. c3 fxe4 23. fxe4 Nf4 24. b4 Rdf7 25. b5 axb5 26. cxb5 Qd7 27. Nb6 Qb7 28.
Nxc8 Rxc8 29. Bc4 Rff8 30. Qc2 Qd7 31. Kh1 Qg4 32. Ra7 h5 33. b6 Rb8 34. b7 h4
35. h3 Nxh3 36. Ra8 Rxb7 37. Bd5 Rbb8 38. Rxb8 Rxb8 39. gxh3 Qxh3+ 40. Qh2 Qf3+
41. Qg2 Qxe3 42. Qxg6 Qf3+ 43. Kg1 h3 44. Ra8 Rxa8 45. Bxa8 Qg2+ 46. Qxg2 hxg2
47. Kxg2 Bh6 48. c4 Kg7 49. Bd5 Kf6 1/2-1/2

[Event "Meltwater Tour Final 2022"]
[Site "chess24.com INT"]
[Date "2022.11.16"]
[Round "3.2"]
[White "Giri, Anish"]
[Black "Duda, Jan-Krzysztof"]
[Result "1/2-1/2"]
[WhiteTitle "GM"]
[BlackTitle "GM"]
[WhiteElo "2764"]
[BlackElo "2731"]
[WhiteFideId "24116068"]
[BlackFideId "1170546"]
[EventDate "2022.11.14"]

1. d4 Nf6 2. c4 e6 3. Nc3 Bb4 4. e3 c5 5. Ne2 d5 6. a3 Ba5 7. dxc5 dxc4 8. Bd2
O-O 9. Ng3 b6 10. Bxc4 bxc5 11. O-O Nbd7 12. Qc2 Bb7 13. Rfd1 h5 14. Nge4 Rb8
15. Rab1 Qc7 16. Ng5 Ba8 17. Bf1 c4 18. Ne2 Rb5 19. Bxa5 Rxa5 20. h4 Rc8 21. Nf4
Nf8 22. Rbc1 Rc5 23. Rd4 c3 24. b4 e5 25. bxc5 exd4 26. Bc4 dxe3 27. fxe3 Qxc5
28. Qxc3 Nd5 29. Bxd5 Qxc3 30. Rxc3 Rxc3 31. Bxa8 Rxe3 32. a4 Nh7 33. Nxh7 Kxh7
34. Nxh5 Kg6 35. g4 Rb3 36. Nf4+ Kh7 37. Be4+ Kg8 38. Kf2 Rb4 39. Ke3 Rxa4 40.
Bd5 a5 41. g5 Kf8 42. h5 Ra1 43. g6 fxg6 44. hxg6 Ke7 45. Nh5 Kf8 46. Nf4 Ke7
47. Nh5 Re1+ 48. Kd4 a4 49. Nxg7 Kf6 50. Nh5+ Kxg6 51. Nf4+ Kf5 52. Nd3 Rd1 53.
Kc3 a3 54. Ba2 Rxd3+ 55. Kxd3 Ke5 56. Kc3 Kd6 57. Kb3 Kc7 58. Kxa3 1/2-1/2

[Event "Meltwater Tour Final 2022"]
[Site "chess24.com INT"]
[Date "2022.11.16"]
[Round "3.2"]
[White "Erigaisi, Arjun"]
[Black "So, Wesley"]
[Result "0-1"]
[WhiteTitle "GM"]
[BlackTitle "GM"]
[WhiteElo "2718"]
[BlackElo "2760"]
[WhiteFideId "35009192"]
[BlackFideId "5202213"]
[EventDate "2022.11.14"]

1. d4 Nf6 2. Nf3 d5 3. Bf4 c5 4. e3 e6 5. c3 Qb6 6. Qb3 Bd7 7. Nbd2 Bc6 8. Be2
Be7 9. Ne5 Nbd7 10. h4 a5 11. Ndf3 O-O 12. h5 a4 13. Qxb6 Nxb6 14. a3 Rfc8 15.
g4 Nfd7 16. g5 Nxe5 17. Nxe5 cxd4 18. exd4 Nc4 19. g6 Nxe5 20. gxh7+ Kxh7 21.
Bxe5 Rh8 22. Kd2 Bg5+ 23. Kc2 f6 24. Bg3 Kg8 25. Rae1 Kf7 26. Bd3 f5 27. Be5 Bf6
28. Bf4 Rh7 29. Be2 Rah8 30. Kd2 Ke7 31. Bf3 Rd8 32. Re3 Be8 33. Rhe1 Bf7 34.
Bd1 Ra8 35. Be2 Kd7 36. Bb5+ Ke7 37. Be2 Rhh8 38. Kc1 Rac8 39. Kb1 Ra8 40. Ka2
Rac8 41. Bd1 Ra8 42. Be2 Rac8 43. Bf3 Kd7 44. Bd1 Ra8 45. Be2 Ke7 46. Bc7 Kd7
47. Bb6 Kc6 48. Bc5 e5 49. Rf3 e4 50. Rxf5 Be6 51. Rf4 Bg5 52. Rg4 Bxg4 53. Bxg4
b6 54. Bb4 b5 55. Rg1 Bf6 56. Be2 Rh6 57. Bc5 g6 58. hxg6 Rg8 59. b3 Rgxg6 60.
Rf1 Rg2 61. bxa4 bxa4 62. Bd1 Rhh2 63. Bxa4+ Kc7 64. Kb3 Rxf2 65. Rb1 e3 66. Bb5
e2 67. a4 Bh4 68. a5 e1=Q 69. Rxe1 Rb2+ 70. Ka4 Ra2+ 71. Ba3 Bxe1 0-1

[Event "Meltwater Tour Final 2022"]
[Site "chess24.com INT"]
[Date "2022.11.16"]
[Round "3.2"]
[White "Le, Quang Liem"]
[Black "Praggnanandhaa, R"]
[Result "0-1"]
[WhiteTitle "GM"]
[BlackTitle "GM"]
[WhiteElo "2728"]
[BlackElo "2678"]
[WhiteFideId "12401137"]
[BlackFideId "25059530"]
[EventDate "2022.11.14"]

1. d4 Nf6 2. c4 e6 3. Nf3 d5 4. g3 dxc4 5. Bg2 Bd7 6. Ne5 Bc6 7. Nxc6 Nxc6 8.
O-O Qd7 9. e3 Rd8 10. Qc2 e5 11. dxe5 Nxe5 12. f4 Nd3 13. Qxc4 Bc5 14. Nc3 Qe7
15. Kh1 O-O 16. Bxb7 Bxe3 17. Nd5 Nxd5 18. Qxd3 Bxc1 19. Bxd5 Bxb2 20. Rad1 Rd6
21. Rfe1 Qd7 22. Qf3 Bf6 23. Kg2 c5 24. Bc4 Bd4 25. Rb1 Rb6 26. Qd5 Qc7 27. Rb3
g6 28. Qe4 Kg7 29. Qe7 Qc6+ 30. Kh3 Qa4 31. Bd5 c4 32. Ra3 Qb5 33. Qe4 Qd7+ 34.
f5 Bb2 35. Rf3 c3 36. Bb3 Rb5 37. g4 h5 38. Kg2 hxg4 39. f6+ Kh7 40. Rf4 Rg5 41.
Re2 Ba3 42. Qe3 Bd6 43. Re4 Rh5 44. Qxc3 Qf5 45. Qc4 Qf3+ 46. Kg1 Bc5+ 0-1

[Event "Meltwater Tour Final 2022"]
[Site "chess24.com INT"]
[Date "2022.11.16"]
[Round "3.3"]
[White "So, Wesley"]
[Black "Erigaisi, Arjun"]
[Result "1-0"]
[WhiteTitle "GM"]
[BlackTitle "GM"]
[WhiteElo "2760"]
[BlackElo "2718"]
[WhiteFideId "5202213"]
[BlackFideId "35009192"]
[EventDate "2022.11.14"]

1. d4 d5 2. c4 c6 3. Nf3 Nf6 4. e3 Bf5 5. Nh4 Bxb1 6. Rxb1 e5 7. dxe5 Bb4+ 8.
Ke2 Ne4 9. g3 O-O 10. Bg2 Qc8 11. f3 Ng5 12. Qc2 dxc4 13. Qxc4 Na6 14. a3 Ba5
15. b4 Bb6 16. e4 Ne6 17. Nf5 Qc7 18. Bb2 Rad8 19. Rhd1 c5 20. b5 Nb8 21. f4 Ba5
22. Rd6 Nd7 23. Rxe6 fxe6 24. Qxe6+ Kh8 25. Qe7 Nxe5 26. Qxe5 Rd2+ 27. Kf3 Qxe5
28. Bxe5 Rf7 29. Bf1 Rfd7 30. Bc4 h5 31. Rb3 Rxh2 32. Nxg7 Kh7 33. Rd3 Rxd3+ 34.
Bxd3 Ra2 35. Nxh5 Rxa3 36. Ke2 Ra2+ 37. Kf1 Rd2 38. Nf6+ Kh6 39. Ng4+ Kh7 40.
Nf6+ Kh6 41. Be2 Rc2 42. g4 c4 43. g5+ Kg7 44. Nd5+ Kg6 45. Bf6 c3 46. f5+ Kh7
47. g6+ Kh6 48. g7 Rc1+ 49. Kg2 Kh7 50. Ne7 1-0